The only U.S. state where... - Statistics

General Stats
  • This quiz has been taken 96 times
  • The average score is 7 of 10
Answer Stats
The only state... Answer % Correct
where prostitution is legal Nevada
96%
that borders two oceans Alaska
95%
that will gain 2 electoral votes in the 2024 presidential election Texas
81%
with a man made sea California
80%
that voted against Ronald Reagan in the 1984 presidential election Minnesota
71%
in the mainland U.S. to experience civilian casualties from WW2 Oregon
66%
where you can be arrested for disturbing a church service Mississippi
64%
where it is illegal to fall asleep in a cheese shop Illinois
53%
where you can be jailed for making an ugly face at a dog Oklahoma
49%
where on average, african-americans are richer than whites New Hampshire
41%
No matching quizzes found
Score Distribution
Percent of People with Each Score
Percentile by Number Answered
Your Score History
You have not taken this quiz